00734nam a2200169 a 4500008004100000020001800041050001400059100002200073245013100095260003100226300001500257350000900272650001500281995012100296999001700417952013000434081212s2007 ||||||||||||||||| || u a9781845282257 aHD 31 Fai aFairweather, Alan10aHow to be a motivational manager: an essential guide for leaders and managers who need to get fast results with minimum stress aOxfordbHow To Booksc2007 avii, 227p. a0.00 0aMANAGEMENT D95000.00FCBU-MAIN LIBRARY (Kitwe)H1I0.00M1ULOSTVMar 11, 2013WJan 9, 2009ZMain Library Open Access Collection c45784d45784 00102lcc4070a001b001cMain Library Open Access Collectiond2022-11-30l0oHD 31 Faip739071r2022-11-30w2022-11-30y002